000 00790nam0a22002411 4500
001 rc\504874
005 20250621111815.0
010 _a5-265-00386-X
_930000
035 _a(NLR Aleph) 005745603
090 _a4785250
_c4785250
100 _a20030616d1988 |||y0rusy50 ca
101 0 _arus
102 _aRU
105 _ay |||||||||
200 1 _aРыцарь Аламыса
_e(Повесть о жизни и творчестве М. Лакербая)
_fРуслан Капба
_gПеревод с абхаз. Н. Микава
210 _aМ.
_cСов. писатель
_d1988
215 _a252, [1] с.
_d21
700 1 _aКапба
_bР.Х.
_gРуслан Хонеевич
801 0 _aRU
_bNLR
_gpsbo
801 1 _aRU
_bELAR
_2rusmarc
852 _aNLR
_j88-3/4516
942 _cBOOK
980 _aNB